[Event "ENCI Limburg-open B"]
[Site "Maastricht"]
[Date "2008.05.12"]
[Round "7"]
[White "Ghafuri, Asef"]
[Black "Rieksen, Koen"]
[Result "1/2-1/2"]
[WhiteElo "1765"]
[BlackElo "1535"]
[PlyCount "54"]
[EventDate "2008.05.09"]
[EventType "swiss"]
[EventRounds "7"]
[EventCountry "NED"]
[Source "P.Boonen"]
[SourceDate "2010.01.01"]

1. e4 c5 2. Nf3 Nc6 3. Be2 d6 4. d3 g6 5. Bd2 Bg7 6. Bc3 Nf6 7. a3 O-O 8. O-O
Bd7 9. Nbd2 a6 10. h3 b5 11. b3 e5 12. Nh2 Ne8 13. f4 f5 14. fxe5 dxe5 15. exf5
Bxf5 16. Bf3 Rc8 17. Be4 Nd6 18. Qe2 Nd4 19. Bxd4 exd4 20. Bxf5 Nxf5 21. Qe6+
Kh8 22. Qxa6 Qg5 23. Ne4 Qe3+ 24. Kh1 Qxe4 25. dxe4 Ng3+ 26. Kg1 Ne2+ 27. Kh1
Ng3+ 1/2-1/2

[Event "ENCI Limburg-open B"]
[Site "Maastricht"]
[Date "2008.05.12"]
[Round "7"]
[White "Gheury, Jean Marie"]
[Black "Uiterwijk, Jos"]
[Result "1/2-1/2"]
[WhiteElo "1867"]
[BlackElo "1691"]
[PlyCount "53"]
[EventDate "2008.05.09"]
[EventType "swiss"]
[EventRounds "7"]
[EventCountry "NED"]
[Source "P.Boonen"]
[SourceDate "2010.01.01"]

1. d4 d5 2. Bf4 e6 3. e3 Nf6 4. Nd2 b6 5. Bd3 a5 6. Ngf3 Nh5 7. Bg3 Nxg3 8.
hxg3 g6 9. e4 c6 10. Ne5 Bg7 11. c3 Bxe5 12. dxe5 Ba6 13. Bxa6 Nxa6 14. Qf3 Qg5
15. Qf6 Qxf6 16. exf6 Nc5 17. g4 Nxe4 18. Nxe4 dxe4 19. Rd1 Rd8 20. Rxd8+ Kxd8
21. Ke2 Kd7 22. Ke3 e5 23. g5 Ke6 24. Kxe4 Rd8 25. Ke3 Kf5 26. Rxh7 Rd7 27. Rh3
1/2-1/2

[Event "ENCI Limburg-open B"]
[Site "Maastricht"]
[Date "2008.05.12"]
[Round "7"]
[White "Glasbeek, Steven"]
[Black "Smeets, Wouter"]
[Result "0-1"]
[WhiteElo "1660"]
[BlackElo "1761"]
[PlyCount "58"]
[EventDate "2008.05.09"]
[EventType "swiss"]
[EventRounds "7"]
[EventCountry "NED"]
[Source "P.Boonen"]
[SourceDate "2010.01.01"]

1. e4 d5 2. exd5 Qxd5 3. Nc3 Qa5 4. d4 Nf6 5. Bc4 c6 6. Nf3 Bf5 7. O-O e6 8.
Re1 Nbd7 9. Bd2 Bb4 10. a3 Bxc3 11. Bxc3 Qc7 12. Qe2 O-O-O 13. b4 Ne4 14. Bd2
Ndf6 15. Bd3 Nxd2 16. Qxd2 Bg4 17. Be2 Rhe8 18. b5 c5 19. c3 e5 20. Rec1 Kb8
21. Qb2 Bxf3 22. Bxf3 exd4 23. cxd4 Rxd4 24. a4 Qd6 25. a5 Rd2 26. Qc3 Ne4 27.
Bxe4 Rxe4 28. Qxc5 Rd1+ 29. Rxd1 Qxc5 0-1

[Event "ENCI Limburg-open B"]
[Site "Maastricht"]
[Date "2008.05.12"]
[Round "7"]
[White "Gransier, Theo"]
[Black "Kalkman De Koster, Franzke"]
[Result "0-1"]
[WhiteElo "1584"]
[BlackElo "1390"]
[PlyCount "84"]
[EventDate "2008.05.09"]
[EventType "swiss"]
[EventRounds "7"]
[EventCountry "NED"]
[Source "P.Boonen"]
[SourceDate "2010.01.01"]

1. f4 d6 2. Nf3 Bg4 3. e3 e5 4. fxe5 dxe5 5. h3 Bxf3 6. Qxf3 Nc6 7. Bb5 Qh4+ 8.
g3 Qf6 9. Bxc6+ Qxc6 10. Qxc6+ bxc6 11. Nc3 Nf6 12. a3 Bd6 13. O-O e4 14. Kg2
a6 15. Ne2 Be5 16. Rf5 Bd6 17. b3 O-O 18. Bb2 Nd5 19. c4 Ne7 20. Rff1 Rad8 21.
b4 Bxg3 22. Nxg3 Rxd2+ 23. Rf2 Rxf2+ 24. Kxf2 f5 25. Bd4 Ng6 26. Nh5 Rd8 27.
Rd1 Rd7 28. Ke2 Nh4 29. Bxg7 Rxd1 30. Kxd1 Nf3 31. Bd4 Kf7 32. Nf4 Ke7 33. Nh5
Kf7 34. Ng3 Kg6 35. Ne2 Kg5 36. Nf4 Nxd4 37. h4+ Kg4 38. h5 Kf3 39. exd4 Kxf4
40. a4 Ke3 41. Ke1 Kxd4 42. b5 a5 0-1

[Event "ENCI Limburg-open B"]
[Site "Maastricht"]
[Date "2008.05.12"]
[Round "7"]
[White "Gunther, Marcella"]
[Black "Schoffelen, Jan"]
[Result "1-0"]
[WhiteElo "1628"]
[BlackElo "1439"]
[PlyCount "61"]
[EventDate "2008.05.09"]
[EventType "swiss"]
[EventRounds "7"]
[EventCountry "NED"]
[Source "P.Boonen"]
[SourceDate "2010.01.01"]

1. e4 c5 2. Nf3 Nc6 3. c3 e5 4. d4 cxd4 5. cxd4 exd4 6. Nxd4 Qb6 7. Nb5 Bb4+ 8.
N5c3 Bxc3+ 9. Nxc3 Qd4 10. Be3 Qxd1+ 11. Rxd1 Nge7 12. Bc4 O-O 13. O-O a6 14.
Bc5 Re8 15. f4 b5 16. Bd3 Bb7 17. e5 b4 18. Ne4 Nd8 19. Nd6 Kf8 20. Nxe8 Kxe8
21. Bxb4 g6 22. f5 Nec6 23. Bd6 Bc8 24. fxg6 hxg6 25. Bxg6 Ne7 26. Bh5 Bb7 27.
Bc7 Bd5 28. Bxd8 Rxd8 29. Rxd5 Nxd5 30. Bxf7+ Ke7 31. Bxd5 1-0

[Event "ENCI Limburg-open B"]
[Site "Maastricht"]
[Date "2008.05.12"]
[Round "7"]
[White "Heijenrath, Jan"]
[Black "De Vries, Robert"]
[Result "1-0"]
[WhiteElo "1821"]
[BlackElo "1573"]
[PlyCount "157"]
[EventDate "2008.05.09"]
[EventType "swiss"]
[EventRounds "7"]
[EventCountry "NED"]
[Source "P.Boonen"]
[SourceDate "2010.01.01"]

1. d4 d5 2. Nf3 Nf6 3. Bg5 Nbd7 4. Nbd2 e6 5. e3 Be7 6. Bd3 O-O 7. O-O Ne8 8.
Bxe7 Qxe7 9. c3 f5 10. Rc1 c6 11. Qe2 Ndf6 12. Ne5 g6 13. b4 Nd7 14. Nxd7 Bxd7
15. Nf3 Ng7 16. Ne5 Rf6 17. Rc2 Ne8 18. a4 Nd6 19. f3 Raf8 20. Qe1 Nf7 21. Qg3
Nxe5 22. Qxe5 R6f7 23. f4 Qf6 24. Qxf6 Rxf6 25. a5 Rb8 26. Ra2 Rff8 27. Rfa1
Kg7 28. Be2 h5 29. h4 Kf6 30. g3 a6 31. Kf2 Ke7 32. Bd3 Rbc8 33. Kf3 Kf6 34.
Rc1 Rc7 35. Rac2 Rfc8 36. c4 Ke7 37. Ke2 Kd8 38. Kd2 Be8 39. Rc3 Ke7 40. Be2
Kd6 41. Bf3 Bd7 42. Kc2 Be8 43. Kb2 Ke7 44. cxd5 exd5 45. Bxd5 Kd6 46. Bc4 Bf7
47. Kb3 Bd5 48. Kc2 Be4+ 49. Kd2 Bd5 50. Bb3 Be4 51. Rc5 Bd5 52. R1c3 Bxb3 53.
Rxb3 Re8 54. Rbc3 Rce7 55. Rd3 Ke6 56. d5+ cxd5 57. Rcxd5 Kf7 58. Rd7 Rxd7 59.
Rxd7+ Re7 60. Rxe7+ Kxe7 61. Kd3 Kd6 62. Kd4 Kc6 63. e4 fxe4 64. Kxe4 Kb5 65.
f5 gxf5+ 66. Kxf5 Kxb4 67. g4 hxg4 68. Kxg4 Kxa5 69. h5 b5 70. h6 Ka4 71. h7 a5
72. h8=Q b4 73. Qb2 Kb5 74. Qb3 a4 75. Qd5+ Kb6 76. Kf4 b3 77. Ke4 Ka6 78. Kd4
b2 79. Qa2 1-0

[Event "ENCI Limburg-open B"]
[Site "Maastricht"]
[Date "2008.05.12"]
[Round "7"]
[White "Heijltjes, Thijs"]
[Black "Rodriguez, Abelardo"]
[Result "1-0"]
[WhiteElo "1446"]
[BlackElo "1214"]
[PlyCount "101"]
[EventDate "2008.05.09"]
[EventType "swiss"]
[EventRounds "7"]
[EventCountry "NED"]
[Source "P.Boonen"]
[SourceDate "2010.01.01"]

1. e4 e6 2. Nf3 d5 3. exd5 exd5 4. Be2 Nf6 5. d3 Bc5 6. O-O O-O 7. Nc3 c6 8.
Bd2 Bf5 9. a3 Nbd7 10. b4 Bb6 11. Nh4 Bg6 12. g3 Re8 13. Ng2 a6 14. Na4 Ba7 15.
Rc1 b5 16. Nb2 Qc7 17. Bf4 Qb7 18. c3 Re7 19. Qd2 Rae8 20. Rce1 h6 21. Bf3 Rxe1
22. Nxe1 Qb6 23. d4 Nh5 24. Be3 Qb8 25. Nbd3 Qc8 26. Nf4 Nhf6 27. Nfd3 Ne4 28.
Qc1 Ndf6 29. Bg2 Bf5 30. Bf3 Bg4 31. Bg2 Bh3 32. Nf4 Bxg2 33. Kxg2 Ng4 34. Bd2
Nxd2 35. Qxd2 Nf6 36. f3 g5 37. Nfd3 Qe6 38. Ne5 Bb8 39. N1d3 Nd7 40. Re1 Nxe5
41. Nxe5 Qf5 42. g4 Qc8 43. Nd3 Rxe1 44. Qxe1 Qc7 45. Qe8+ Kg7 46. Ne5 Kf6 47.
Qh8+ Ke7 48. Qg7 Ke8 49. Qg8+ Ke7 50. Qxf7+ Kd6 51. Qf6# 1-0

[Event "ENCI Limburg-open B"]
[Site "Maastricht"]
[Date "2008.05.12"]
[Round "7"]
[White "Henrotte, Nils"]
[Black "Springelkamp, Gerdien"]
[Result "1-0"]
[WhiteElo "1555"]
[BlackElo "1096"]
[PlyCount "74"]
[EventDate "2008.05.09"]
[EventType "swiss"]
[EventRounds "7"]
[EventCountry "NED"]
[Source "P.Boonen"]
[SourceDate "2010.01.01"]

1. e4 e5 2. f4 d6 3. Bc4 Nf6 4. d3 Nc6 5. Nf3 a6 6. h3 Be7 7. O-O O-O 8. f5 b5
9. Bb3 Na5 10. Be3 Nxb3 11. axb3 Bb7 12. c4 b4 13. Nbd2 c6 14. Qe2 d5 15. Nxe5
dxe4 16. Nxe4 Nxe4 17. dxe4 c5 18. Qg4 Bf6 19. Rad1 Qe7 20. Nd3 Bxe4 21. Bxc5
Qd7 22. Qxe4 Rfe8 23. Qf3 a5 24. Rfe1 Rxe1+ 25. Nxe1 Qc8 26. Bd4 Bxd4+ 27. Rxd4
Rb8 28. Kh1 Qe8 29. Qe4 Qc8 30. f6 gxf6 31. Nd3 f5 32. Qe3 Qc7 33. Qe5 Qa7 34.
Qf4 f6 35. Qd6 Qa8 36. Qe6+ Kg7 37. Rd7+ Kh6 1-0

[Event "ENCI Limburg-open B"]
[Site "Maastricht"]
[Date "2008.05.12"]
[Round "7"]
[White "Herzet, Serge"]
[Black "Van Meegen, Ruud"]
[Result "1-0"]
[WhiteElo "1856"]
[BlackElo "1688"]
[PlyCount "57"]
[EventDate "2008.05.09"]
[EventType "swiss"]
[EventRounds "7"]
[EventCountry "NED"]
[Source "P.Boonen"]
[SourceDate "2010.01.01"]

1. e4 c5 2. Nf3 d6 3. d4 cxd4 4. Nxd4 Nf6 5. Nc3 g6 6. Be2 Bg7 7. Be3 O-O 8.
O-O Nc6 9. h4 a6 10. Qd2 Re8 11. Rad1 Qc7 12. f3 Nh5 13. Nd5 Qd8 14. c3 Ng3 15.
Rf2 Nxe2+ 16. Rxe2 Ne5 17. b3 Bd7 18. f4 Nc6 19. Nxc6 Bxc6 20. Bb6 Qd7 21. Nc7
Bxe4 22. Rxe4 Qc6 23. Qe3 f5 24. Rc4 Qd7 25. Nxa8 Rxa8 26. Rc7 Qb5 27. Rxe7 Qc6
28. Bd4 Bf8 29. Qe6# 1-0

[Event "ENCI Limburg-open B"]
[Site "Maastricht"]
[Date "2008.05.12"]
[Round "7"]
[White "Heuts, Guido"]
[Black "Van Delft, Karel"]
[Result "0-1"]
[WhiteElo "1498"]
[BlackElo "1641"]
[PlyCount "72"]
[EventDate "2008.05.09"]
[EventType "swiss"]
[EventRounds "7"]
[EventCountry "NED"]
[Source "P.Boonen"]
[SourceDate "2010.01.01"]

1. d4 Nf6 2. c4 c5 3. Nc3 cxd4 4. Qxd4 Nc6 5. Qd1 e6 6. Nf3 Be7 7. e3 O-O 8.
Bd3 d5 9. cxd5 exd5 10. O-O Bg4 11. Be2 Rc8 12. Nd4 Bxe2 13. Ndxe2 Re8 14. Bd2
d4 15. exd4 Nxd4 16. Nxd4 Qxd4 17. Be3 Qxd1 18. Raxd1 Bc5 19. Bxc5 Rxc5 20. Rd2
g6 21. h3 Kg7 22. Rfd1 Ne4 23. Nxe4 Rxe4 24. b3 b5 25. Rd4 Re2 26. R4d2 Rc2 27.
Rxe2 Rxe2 28. Ra1 Rb2 29. g3 Kf6 30. Kg2 a5 31. Kf3 Ke5 32. Ke3 Kd5 33. Rd1+
Kc5 34. Rc1+ Kb4 35. Rc7 Rxa2 36. Rxf7 Kxb3 0-1

[Event "ENCI Limburg-open B"]
[Site "Maastricht"]
[Date "2008.05.12"]
[Round "7"]
[White "Hollands, Maxim"]
[Black "Schmitz, Martin"]
[Result "1-0"]
[WhiteElo "1704"]
[BlackElo "1847"]
[PlyCount "105"]
[EventDate "2008.05.09"]
[EventType "swiss"]
[EventRounds "7"]
[EventCountry "NED"]
[Source "P.Boonen"]
[SourceDate "2010.01.01"]

1. d4 Nf6 2. c4 g6 3. Nc3 d5 4. Nf3 Bg7 5. Bg5 c6 6. Rc1 Bg4 7. Ne5 Bf5 8. e3
Ne4 9. Bh4 Nd7 10. Nf3 Ndf6 11. Bd3 Nxc3 12. Rxc3 Ne4 13. Rc2 Qa5+ 14. Nd2 Nxf2
15. Kxf2 Bxd3 16. Rc3 dxc4 17. Nxc4 Bxc4 18. Rxc4 Qxa2 19. Qc2 Qa5 20. Rxc6 O-O
21. Rc5 Qd8 22. Rc7 Rc8 23. Rc1 Rxc7 24. Qxc7 Qxc7 25. Rxc7 e5 26. d5 f6 27.
Rxb7 g5 28. Bg3 f5 29. Ke2 Rd8 30. Rb5 Kf7 31. Be1 Rd7 32. e4 f4 33. Bf2 Rc7
34. Bc5 Bf6 35. Kd2 h5 36. Ra5 a6 37. b4 g4 38. Rxa6 h4 39. Ra7 Rxa7 40. Bxa7
Ke7 41. h3 f3 42. gxf3 Bg5+ 43. Ke2 gxh3 44. Kf2 Kd7 45. b5 Bf4 46. Kg1 h2+ 47.
Kh1 Kc7 48. Bc5 Kb7 49. Be7 Bg3 50. d6 Kc8 51. b6 Bf2 52. b7+ Kxb7 53. d7 1-0

[Event "ENCI Limburg-open B"]
[Site "Maastricht"]
[Date "2008.05.12"]
[Round "7"]
[White "Hoogland, Bauke"]
[Black "De Jager, Leo"]
[Result "1/2-1/2"]
[WhiteElo "1838"]
[BlackElo "1894"]
[PlyCount "74"]
[EventDate "2008.05.09"]
[EventType "swiss"]
[EventRounds "7"]
[EventCountry "NED"]
[Source "P.Boonen"]
[SourceDate "2010.01.01"]

1. e4 e6 2. d4 d5 3. Nc3 Bb4 4. e5 c5 5. a3 Bxc3+ 6. bxc3 Qc7 7. Bd2 b6 8. Qg4
f5 9. Qh5+ Qf7 10. Qh4 Ne7 11. Be2 Nbc6 12. h3 Ng6 13. Qg3 cxd4 14. Bb5 Bd7 15.
Bxc6 Bxc6 16. cxd4 O-O 17. f4 Ba4 18. Ra2 Rfc8 19. c3 Qe7 20. Ne2 Bb3 21. Ra1
Qh4 22. Qxh4 Nxh4 23. O-O Bc4 24. Rfe1 Bxe2 25. Rxe2 Ng6 26. a4 a6 27. Rb1 Rc6
28. g3 Nf8 29. g4 Kf7 30. Kf2 Rb8 31. Be1 Nd7 32. Ke3 Rc4 33. Ra2 Rbc8 34. Kd3
g6 35. Bd2 R8c6 36. Rb4 a5 37. Rb1 Ke7 1/2-1/2

[Event "ENCI Limburg-open B"]
[Site "Maastricht"]
[Date "2008.05.12"]
[Round "7"]
[White "Ingelaere, Arthur"]
[Black "Slangen Knuit, Dien"]
[Result "0-1"]
[WhiteElo "986"]
[BlackElo "1297"]
[PlyCount "42"]
[EventDate "2008.05.09"]
[EventType "swiss"]
[EventRounds "7"]
[EventCountry "NED"]
[Source "P.Boonen"]
[SourceDate "2010.01.01"]

1. e4 e5 2. Nf3 d6 3. d4 exd4 4. Nxd4 Nf6 5. Nc3 Nbd7 6. Bg5 Be7 7. Nd5 Nxd5 8.
exd5 Bxg5 9. Qe2+ Ne5 10. g3 O-O 11. f4 Ng6 12. Qh5 Re8+ 13. Be2 Bf6 14. Rd1
Qe7 15. c4 Bxd4 16. Rxd4 Bh3 17. Rd2 Bd7 18. f5 Qe4 19. Rf1 Re5 20. g4 Nf4 21.
Qh4 Ng2+ 0-1

[Event "ENCI Limburg-open B"]
[Site "Maastricht"]
[Date "2008.05.12"]
[Round "7"]
[White "Ingelaere, Frederic"]
[Black "Van Endert, Lynn"]
[Result "0-1"]
[WhiteElo "1691"]
[BlackElo "1471"]
[PlyCount "56"]
[EventDate "2008.05.09"]
[EventType "swiss"]
[EventRounds "7"]
[EventCountry "NED"]
[Source "P.Boonen"]
[SourceDate "2010.01.01"]

1. e4 c6 2. d4 d5 3. Nc3 dxe4 4. Nxe4 Bf5 5. Ng3 Bg6 6. Nf3 Nf6 7. h4 h5 8. Ne5
Nbd7 9. Nxg6 fxg6 10. Bd3 Qa5+ 11. c3 O-O-O 12. Bxg6 Kb8 13. Bd2 e5 14. Nxh5
Nxh5 15. Bxh5 exd4 16. Bf3 Re8+ 17. Kf1 Qb5+ 18. Be2 d3 19. Bf4+ Ka8 20. Bxd3
Qxb2 21. Qc1 Ba3 22. Qxb2 Bxb2 23. Rb1 Bxc3 24. Rh3 Re7 25. Bf5 Ba5 26. Ra3
Rxh4 27. Rh3 Rxf4 28. Rh8+ Nb8 0-1

[Event "ENCI Limburg-open B"]
[Site "Maastricht"]
[Date "2008.05.12"]
[Round "7"]
[White "Klees, Robert"]
[Black "Kleijnen, Jos"]
[Result "1/2-1/2"]
[WhiteElo "1239"]
[BlackElo "1484"]
[PlyCount "107"]
[EventDate "2008.05.09"]
[EventType "swiss"]
[EventRounds "7"]
[EventCountry "NED"]
[Source "P.Boonen"]
[SourceDate "2010.01.01"]

1. d4 d5 2. c4 Nf6 3. Nc3 g6 4. cxd5 Nxd5 5. e4 Nb6 6. Bf4 Bg7 7. Nb5 Na6 8.
Nf3 c6 9. Nc3 Nc7 10. Be2 Ne6 11. Be3 O-O 12. O-O Nc7 13. Qd2 Be6 14. Bh6 Bg4
15. Rad1 Re8 16. h3 Bxf3 17. Bxf3 Bh8 18. Bf4 Ne6 19. Be3 Nc4 20. Qc1 Nxe3 21.
Qxe3 Qb6 22. d5 Nd4 23. dxc6 Nxf3+ 24. Qxf3 Qxc6 25. Rc1 Qb6 26. Nd5 Qxb2 27.
Nc7 Rec8 28. Rb1 Qxa2 29. Nxa8 Rxa8 30. Rxb7 Bd4 31. Rbb1 a5 32. Rfd1 a4 33. e5
Rd8 34. Kh1 a3 35. Qb3 Qxb3 36. Rxb3 a2 37. Ra3 e6 38. Rxa2 Rd5 39. f4 h5 40.
Rad2 Be3 41. Rxd5 exd5 42. g3 d4 43. Kg2 Kf8 44. Kf3 Ke7 45. g4 f5 46. exf6+
Kxf6 47. Ke4 g5 48. f5 h4 49. Rb1 Bf2 50. Rb6+ Kf7 51. Rd6 Ke7 52. Ke5 Bg3+ 53.
Kxd4 Bxd6 54. Kd5 1/2-1/2

[Event "ENCI Limburg-open B"]
[Site "Maastricht"]
[Date "2008.05.12"]
[Round "7"]
[White "Knof, Henrike"]
[Black "Orbons, Richard"]
[Result "1-0"]
[WhiteElo "1422"]
[BlackElo "1662"]
[PlyCount "51"]
[EventDate "2008.05.09"]
[EventType "swiss"]
[EventRounds "7"]
[EventCountry "NED"]
[Source "P.Boonen"]
[SourceDate "2010.01.01"]

1. e4 g6 2. d4 Bg7 3. Nf3 d6 4. h3 Nf6 5. Nc3 O-O 6. Bd3 Nbd7 7. Be3 c5 8. Qd2
cxd4 9. Nxd4 Nc5 10. Bh6 Bd7 11. O-O b5 12. b4 Ne6 13. Nxe6 fxe6 14. Qg5 Rc8
15. Ne2 Bc6 16. Ng3 d5 17. e5 Ne4 18. Bxe4 dxe4 19. h4 Qd4 20. Bxg7 Kxg7 21.
Qxe7+ Rf7 22. Qxe6 Bd7 23. Qd6 Qc4 24. c3 Rc6 25. Qd4 Rf4 26. Qxd7+ 1-0

[Event "ENCI Limburg-open B"]
[Site "Maastricht"]
[Date "2008.05.12"]
[Round "7"]
[White "Krug, Franz Dieter"]
[Black "Arns, Danny"]
[Result "1/2-1/2"]
[WhiteElo "1457"]
[BlackElo "1298"]
[PlyCount "50"]
[EventDate "2008.05.09"]
[EventType "swiss"]
[EventRounds "7"]
[EventCountry "NED"]
[Source "P.Boonen"]
[SourceDate "2010.01.01"]

1. d4 e6 2. Nf3 d5 3. c4 dxc4 4. Nc3 Nf6 5. e4 h6 6. Bxc4 c5 7. d5 exd5 8. exd5
Bd6 9. O-O O-O 10. h3 a6 11. a4 Re8 12. Re1 b6 13. Be3 Bf5 14. Qd2 Qd7 15. Bf4
Qc7 16. Bxd6 Qxd6 17. Rxe8+ Nxe8 18. Re1 Nd7 19. Ne4 Bxe4 20. Rxe4 Ndf6 21. Re5
Nc7 22. g3 Rd8 23. Qe2 a5 24. g4 g5 25. Qe3 Re8 1/2-1/2

[Event "ENCI Limburg-open B"]
[Site "Maastricht"]
[Date "2008.05.12"]
[Round "7"]
[White "Kukhianidze, Nadia"]
[Black "Heman, Frans"]
[Result "1/2-1/2"]
[WhiteElo "1248"]
[BlackElo "1555"]
[PlyCount "101"]
[EventDate "2008.05.09"]
[EventType "swiss"]
[EventRounds "7"]
[EventCountry "NED"]
[Source "P.Boonen"]
[SourceDate "2010.01.01"]

1. d4 f5 2. c4 Nf6 3. Nf3 e6 4. Nc3 Bb4 5. Bd2 O-O 6. a3 Bxc3 7. Bxc3 d6 8. e3
b6 9. b4 Ne4 10. Bb2 Nd7 11. Bd3 Bb7 12. O-O Ndf6 13. Nd2 Nxd2 14. Qxd2 Ne4 15.
Qe1 Qe8 16. f3 Ng5 17. Qe2 Qg6 18. Kh1 e5 19. dxe5 Rae8 20. exd6 Qxd6 21. Rad1
Qe6 22. Rfe1 Qh6 23. Qf2 Bc8 24. Qg3 Re7 25. c5 Rfe8 26. Bc1 Qf6 27. h4 Nf7 28.
Bc4 Kh8 29. Qf2 Ne5 30. Bb2 Qh6 31. Bb3 Ng6 32. g3 Be6 33. Bxe6 Rxe6 34. Rd7
R6e7 35. c6 Nf8 36. Rxe7 Rxe7 37. b5 Qe6 38. Qd2 h6 39. Kg2 Kh7 40. e4 g6 41.
Qf4 g5 42. hxg5 Ng6 43. Qd2 f4 44. Rh1 Kg8 45. Rxh6 Rh7 46. Qd8+ Nf8 47. Rxe6
fxg3 48. Kxg3 a5 49. Re8 Rf7 50. Qd5 a4 51. g6 1/2-1/2

[Event "ENCI Limburg-open B"]
[Site "Maastricht"]
[Date "2008.05.12"]
[Round "7"]
[White "Laan, Kart"]
[Black "Bieberle, Gerhard"]
[Result "0-1"]
[WhiteElo "1541"]
[BlackElo "1789"]
[PlyCount "87"]
[EventDate "2008.05.09"]
[EventType "swiss"]
[EventRounds "7"]
[EventCountry "NED"]
[Source "P.Boonen"]
[SourceDate "2010.01.01"]

1. d4 e6 2. e4 c5 3. Nf3 cxd4 4. Nxd4 a6 5. Nc3 Bb4 6. Bc4 Bxc3+ 7. bxc3 Ne7 8.
O-O O-O 9. Nf3 Ng6 10. Bg5 Qc7 11. Qd4 Nc6 12. Qd2 Nce5 13. Nxe5 Qxe5 14. Bd3
f6 15. Be3 Qc7 16. f4 b5 17. g4 Bb7 18. f5 Ne7 19. Bf2 Rac8 20. h4 Qc6 21. Qf4
Qxc3 22. Qd6 Rf7 23. fxe6 dxe6 24. Qxe6 Ng6 25. Bg3 Rd8 26. Rad1 Nf8 27. Qf5
Re8 28. Rfe1 Bc8 29. Qf3 Qb2 30. a3 Qxa3 31. e5 Qb4 32. Be4 fxe5 33. Bd5 Be6
34. Bxe6 Rxe6 35. Qe2 e4 36. Qe3 Rf3 37. c3 Rxe3 38. cxb4 Rxg3+ 39. Kf2 Rxg4
40. Rc1 Rxh4 41. Rc8 e3+ 42. Kg2 Rxb4 43. Rf1 Rf6 44. Re1 0-1

[Event "ENCI Limburg-open B"]
[Site "Maastricht"]
[Date "2008.05.12"]
[Round "7"]
[White "Laarhoven, Marcel"]
[Black "Gunther, Justin"]
[Result "0-1"]
[WhiteElo "1846"]
[BlackElo "1752"]
[PlyCount "72"]
[EventDate "2008.05.09"]
[EventType "swiss"]
[EventRounds "7"]
[EventCountry "NED"]
[Source "P.Boonen"]
[SourceDate "2010.01.01"]

1. e4 c5 2. Nc3 e6 3. g3 g6 4. Bg2 Ne7 5. Nge2 Bg7 6. O-O O-O 7. d4 cxd4 8.
Nxd4 d5 9. exd5 Nxd5 10. Nxd5 exd5 11. Be3 Nc6 12. c3 Be6 13. f4 h5 14. Qd2 Qd7
15. Qf2 a6 16. Rad1 Ne7 17. Rfe1 Bf6 18. c4 Rad8 19. Nxe6 fxe6 20. Bh3 d4 21.
Bc1 Nf5 22. Bxf5 exf5 23. Rd3 Rfe8 24. Red1 Re4 25. Qc2 Qe7 26. Bd2 Re2 27. c5
Qe4 28. Qb3+ Kh8 29. Rf3 d3 30. Bc3 Bd4+ 31. Bxd4+ Qxd4+ 32. Kh1 d2 33. a3 h4
34. gxh4 Re1+ 35. Kg2 Qg1+ 36. Kh3 Qg4# 0-1

[Event "ENCI Limburg-open B"]
[Site "Maastricht"]
[Date "2008.05.12"]
[Round "7"]
[White "Lenaerts, Lennert"]
[Black "Otto, Moritz"]
[Result "0-1"]
[WhiteElo "1304"]
[BlackElo "1210"]
[PlyCount "96"]
[EventDate "2008.05.09"]
[EventType "swiss"]
[EventRounds "7"]
[EventCountry "NED"]
[Source "P.Boonen"]
[SourceDate "2010.01.01"]

1. e4 d6 2. d4 Nf6 3. Bd3 Nc6 4. Ne2 g6 5. Nbc3 Bg7 6. O-O Bg4 7. Qe1 Bxe2 8.
Nxe2 a5 9. a3 O-O 10. f4 e5 11. d5 Ne7 12. Bd2 b6 13. Rf3 c6 14. dxc6 Nxc6 15.
Bb5 Rc8 16. Ba6 Rc7 17. Bd3 Qb8 18. Rh3 b5 19. f5 h5 20. fxg6 fxg6 21. Bxa5
Qa7+ 22. Kh1 Nxa5 23. a4 Ng4 24. Rf3 Rxf3 25. gxf3 Nf2+ 26. Kg2 Nxd3 27. cxd3
Nb3 28. Ra3 bxa4 29. Nc3 Nc5 30. Nb5 Qb6 31. Qb4 Rb7 32. Qc4+ Kh7 33. Nxd6 Qxd6
34. Kg3 Rxb2 35. Rc3 Qf6 36. Rc2 Rxc2 37. Qxc2 Qf4+ 38. Kg2 Ne6 39. Qxa4 Qd2+
40. Kg3 h4+ 41. Kxh4 Qxh2+ 42. Kg4 Qf4+ 43. Kh3 Ng5+ 44. Kg2 Qxf3+ 45. Kg1 Qe3+
46. Kg2 Qe2+ 47. Kg1 Nf3+ 48. Kh1 Qh2# 0-1

[Event "ENCI Limburg-open B"]
[Site "Maastricht"]
[Date "2008.05.12"]
[Round "7"]
[White "Liston, Mike"]
[Black "Rieksen, Richard"]
[Result "0-1"]
[WhiteElo "1812"]
[BlackElo "1684"]
[PlyCount "40"]
[EventDate "2008.05.09"]
[EventType "swiss"]
[EventRounds "7"]
[EventCountry "NED"]
[Source "P.Boonen"]
[SourceDate "2010.01.01"]

1. e4 c5 2. Nf3 d6 3. d4 cxd4 4. Nxd4 Nf6 5. Nc3 g6 6. Be3 Bg7 7. h3 O-O 8. Qd2
Nc6 9. O-O-O d5 10. exd5 Nxd5 11. Nxc6 bxc6 12. Nxd5 cxd5 13. h4 Rb8 14. Bd4 e5
15. Bc5 Be6 16. Bxf8 Qxf8 17. Kb1 Qa3 18. b3 e4 19. Qc1 Qc5 20. h5 Qc3 0-1

[Event "ENCI Limburg-open B"]
[Site "Maastricht"]
[Date "2008.05.12"]
[Round "7"]
[White "Lombaers, Peter"]
[Black "Wissink, Sander"]
[Result "1-0"]
[WhiteElo "1663"]
[BlackElo "1894"]
[PlyCount "161"]
[EventDate "2008.05.09"]
[EventType "swiss"]
[EventRounds "7"]
[EventCountry "NED"]
[Source "P.Boonen"]
[SourceDate "2010.01.01"]

1. e4 c5 2. d4 cxd4 3. c3 Nf6 4. e5 Nd5 5. Nf3 e6 6. cxd4 d6 7. Nc3 Nxc3 8.
bxc3 Nc6 9. Bf4 Be7 10. Bd3 d5 11. O-O Bd7 12. Re1 Rc8 13. Bd2 Na5 14. Qc2 h6
15. h3 Nc4 16. a4 Qa5 17. Rec1 Ba3 18. Rcb1 Nxd2 19. Qxd2 Qxc3 20. Qd1 Be7 21.
Rxb7 Rc7 22. Rb8+ Bd8 23. a5 O-O 24. Rb3 Qc6 25. Bb1 Be7 26. Qd3 g6 27. Kh2 Qc1
28. Ng1 Qe1 29. Ne2 Qxf2 30. Qd1 Qh4 31. g3 Qg5 32. Bd3 Qe3 33. Kg2 Qg5 34. Nf4
h5 35. Ne2 Rfc8 36. Rb2 Be8 37. Rab1 Kg7 38. Ba6 Rd8 39. Rb7 Rdd7 40. Rb8 Rd8
41. R8b7 Rdc8 42. R7b2 Ra8 43. Bb7 Rb8 44. Ba6 Rxb2 45. Rxb2 Qe3 46. Bd3 Ba4
47. Qxa4 Qxd3 48. Qb3 Qa6 49. Qb5 Rc6 50. Qb7 Bg5 51. h4 Bh6 52. Qe7 Rc8 53.
Qf6+ Kg8 54. g4 hxg4 55. h5 Bg7 56. Qg5 gxh5 57. Nf4 Kf8 58. Nxh5 Bh8 59. Nf6
Bg7 60. Rf2 Qd3 61. Qxg4 Bxf6 62. exf6 Qe4+ 63. Qxe4 dxe4 64. Kg3 Rc3+ 65. Kf4
e3 66. Rb2 Kg8 67. Re2 Ra3 68. a6 Kh7 69. Rg2 Rxa6 70. Kxe3 Ra5 71. Ke4 Kh6 72.
Rg7 a6 73. Rxf7 Kg6 74. Rf8 Rd5 75. Ra8 a5 76. Rf8 Rb5 77. Kf4 Rb4 78. Ke5 a4
79. Kxe6 Rxd4 80. Rg8+ Kh7 81. f7 1-0

[Event "ENCI Limburg-open B"]
[Site "Maastricht"]
[Date "2008.05.12"]
[Round "7"]
[White "Maessen, Roy"]
[Black "De Boer, Guus"]
[Result "0-1"]
[WhiteElo "1311"]
[BlackElo "1673"]
[PlyCount "58"]
[EventDate "2008.05.09"]
[EventType "swiss"]
[EventRounds "7"]
[EventCountry "NED"]
[Source "P.Boonen"]
[SourceDate "2010.01.01"]

1. d4 Nf6 2. Nf3 e6 3. e3 c5 4. b3 Be7 5. Bd3 O-O 6. O-O b6 7. Bb2 Bb7 8. Nbd2
d6 9. Nc4 Nbd7 10. Re1 Qc7 11. e4 Rad8 12. d5 exd5 13. exd5 Nxd5 14. Be4 N7f6
15. Qe2 Rfe8 16. Qd3 Nf4 17. Qc3 d5 18. Bxh7+ Kxh7 19. Ng5+ Kg8 20. Ne5 Nxg2
21. Ngxf7 Nxe1 22. Rxe1 Bd6 23. Nxd8 Qxd8 24. f4 d4 25. Qc4+ Bd5 26. Qd3 Bxe5
27. fxe5 Ne4 28. Rxe4 Bxe4 29. Qxe4 Qg5+ 0-1